LEADER 01402nam0 22003253i 450 001 RML0482045 005 20231121125804.0 100 $a20211202d1918 ||||0itac50 ba 101 | $ager 102 $ait 181 1$6z01$ai $bxxxe 182 1$6z01$an 200 1 $aQuellenkritische Untersuchungen zu Strabo's Geographie, mit besonderer Rücksicht auf die posidonianische Sprachtheorie$fMunz, Robert von Bürglen, Kt. Thurgau 210 $aBasel$cBuchdr. E. Birkhäuser$d1918 215 $a63 p.$d23 cm. 606 $aStrabone . Geografia$xInflussi [di] Posidonio : di Apamea$2FIR$3RMLC469089$9N 676 $a913$9Geografia e viaggi relativi al mondo antico.$v22 700 0$aStrabo$3CFIV081436$4070$0169725 702 1$aMunz$b, Robert$3SBTV007572$4340 790 0$aStrabon$3CFIV081437$zStrabo 790 0$aStrabone$3CFIV081438$zStrabo 790 0$aStrabone : da Amasea$3CFIV236449$zStrabo 801 3$aIT$bIT-01$c20211202 850 $aIT-FR0017 899 $aBiblioteca umanistica Giorgio Aprea$bFR0017 $eN 912 $aRML0482045 950 0$aBiblioteca umanistica Giorgio Aprea$d 52DLM B /Stra.1 /$e 52DUP0009058635 VMC RS $fC $h20220412$i20220412 977 $a 52 996 $aQuellenkritische Untersuchungen zu Strabo's Geographie, mit besonderer Rücksicht auf die posidonianische Sprachtheorie$93634272 997 $aUNICAS